LEADER 01488nas 2200481- 450 001 9910917500603321 005 20230125213019.0 011 $a2770-260X 035 $a(OCoLC)1159703559 035 $a(CKB)5710000000023572 035 $a(CONSER)--2020230338 035 $a(EXLCZ)995710000000023572 100 $a20200624a20209999 -a- a 101 0 $aeng 135 $aur||||||||||| 181 $ctxt$2rdacontent 182 $cc$2rdamedia 183 $acr$2rdacarrier 200 00$aJournal of advanced military studies 210 1$aQuantico, VA :$cMarine Corps University Press,$d2020- 215 $a1 online resource (volumes) 311 $a2770-2596 517 1 $aJAMS 606 $aSecurity, International$zUnited States$vPeriodicals 606 $aMilitary education$zUnited States$vPeriodicals 606 $aMilitary education$2fast$3(OCoLC)fst01021108 606 $aSecurity, International$2fast$3(OCoLC)fst01110895 607 $aUnited States$2fast 608 $aPeriodical. 608 $aperiodicals.$2aat 608 $aPeriodicals$2fast 608 $aPeriodicals.$2lcgft 608 $aPériodiques.$2rvmgf 615 0$aSecurity, International 615 0$aMilitary education 615 7$aMilitary education 615 7$aSecurity, International 676 $a355 712 02$aMarine Corps University (U.S.), 906 $aJOURNAL 912 $a9910917500603321 996 $aJournal of advanced military studies$93437052 997 $aUNINA